What Animals are these Spongebob Characters? - Statistics

General Stats
  • This quiz has been taken 139 times
  • The average score is 9 of 12
Answer Stats
Picture Answer % Correct
Starfish
98%
Crab
97%
Snail
90%
Lobster
88%
Squirrel
88%
Pufferfish
85%
Octopus
83%
Human
77%
Sea Sponge
75%
Sperm Whale
46%
Manta Ray
44%
Copepod
21%
No matching quizzes found
Score Distribution
Percent of People with Each Score
Percentile by Number Answered
Your Score History
You have not taken this quiz